| 000 | 00449nam a22001577a 4500 | ||
|---|---|---|---|
| 008 | 210303b ||||| |||| 00| 0 eng d | ||
| 020 | _a9789998037069 | ||
| 082 | _a294.3 SAM | ||
| 100 | _aSamten | ||
| 245 |
_aཤེས་མཛོད། _bTreasury of wisdom |
||
| 260 |
_aTrongsa, Taktse : _bCollege of language and Cultural Studies, _c2020. |
||
| 300 |
_a113 p. _c21 cm. |
||
| 650 | _aTreasury of wisdom | ||
| 700 | _aDorji, Tenzin | ||
| 942 | _2ddc | ||
| 999 |
_c8634 _d8635 |
||